[Event "Pan-AM College-chT 2018"]
[Site "Burlingame"]
[Date "2018.12.30"]
[Round "5"]
[White "Durarbayli, Vasif"]
[Black "Vorontsov, Pavlo"]
[Result "1/2-1/2"]
[WhiteElo "2620"]
[BlackElo "2548"]
[Annotator "TA"]
[PlyCount "72"]
[EventDate "2018.12.28"]
[EventType "swiss"]
[EventCountry "USA"]
[SourceTitle "playchess.com"]
[Source "ChessBase"]
[SourceQuality "1"]

{[%evp 11,72,0,0,-8,-14,-43,-19,-25,0,-6,0,0,0,0,31,-19,0,6,18,22,14,-15,-27,-32,-14,-41,-45,-28,-22,-17,0,0,0,0,0,0,0,0,0,0,0,0,0,-81,0,0,0,0,0,0,0,0,0,0,0,0,0,0,0,0,0,0,0]} 1. c4 Nf6 2. Nc3 e5 3. g3 Bb4 4. e4 (4. Bg2 O-O 5. Nf3 e4 6. Nd4 Re8 7. O-O Nc6 8. Nc2 Bxc3 9. bxc3 d6 10. Ne3 Be6 11. Rb1 b6 12. d3 Bd7 13. h3 Rb8 14. Kh2 exd3 15. exd3 Ne7 16. Rb2 Bc6 17. f4 d5 {0-1 (50) Nepomniachtchi,I (2751)-Karjakin,S (2783) chess.com INT 2017}) 4... Bxc3 5. dxc3 d6 6. f3 {A22: English Opening: 1...e5 2 Nc3 Nf6} O-O {LiveBook: 3 Games} 7. Bg5 $146 ({Predecessor:} 7. Nh3 h6 8. Nf2 Nbd7 9. Be3 Qe7 10. g4 Nc5 11. h4 Nfd7 12. Rh2 Ne6 13. Qd2 Re8 14. O-O-O Ndf8 15. Nh1 Ng6 16. Ng3 Nxh4 17. Qf2 Ng6 18. Nf5 {½-½ (18) Berkes,F (2678)-Lafuente,P (2565) Khanty-Mansiysk 2010}) 7... Be6 8. Qd2 Nbd7 9. Nh3 a6 10. Nf2 Rb8 11. a4 h6 12. Be3 Nh7 13. g4 Nc5 14. Bxc5 dxc5 15. Qxd8 Rfxd8 16. Nd3 Ng5 17. Kf2 Bxc4 18. Nxe5 Bxf1 19. Rhxf1 f6 20. Nc4 b5 21. axb5 axb5 22. Ne3 Rd2+ 23. Kg3 Rxb2 24. h4 Ne6 25. Ra6 $1 {[%cal Ra6e6]} Re8 26. Nd5 b4 27. Ra7 (27. cxb4 $1 $11 cxb4 28. Rc6) 27... Rb3 (27... bxc3 $17 {Hoping for ...c2.} 28. Nxc3 c6) 28. cxb4 $11 {The position is equal.} cxb4 29. Nxc7 Nxc7 30. Rxc7 Rxe4 {[%mdl 4096] Endgame KRR-KRR} 31. h5 Ree3 32. Rb7 Kf8 33. Kf4 Re7 34. Rb8+ Re8 35. Rb7 Re7 36. Rb8+ Re8 {Precision: White = 69%, Black = 31%.} 1/2-1/2

[Event "Pan-AM College-chT 2018"]
[Site "Burlingame"]
[Date "2018.12.30"]
[Round "5"]
[White "Shimanov, Aleksandr"]
[Black "Baryshpolets, Andrey"]
[Result "0-1"]
[WhiteElo "2611"]
[BlackElo "2578"]
[Annotator "ChessBase"]
[PlyCount "125"]
[EventDate "2018.12.28"]
[EventType "swiss"]
[EventCountry "USA"]
[SourceTitle "playchess.com"]
[Source "ChessBase"]
[SourceQuality "1"]
[TimeControl "5400+30"]

1. c4 {[%emt 0:00:00]} c6 {[%emt 0:00:38]} 2. Nf3 {[%emt 0:00:30]} d5 {[%emt 0:00:34]} 3. e3 {[%emt 0:00:07]} Nf6 {[%emt 0:00:24]} 4. Nc3 {[%emt 0:00:07]} e6 {[%emt 0:00:51]} 5. b3 {[%emt 0:00:12]} Nbd7 {[%emt 0:05:07]} 6. Bb2 {[%emt 0:00:47]} b6 {[%emt 0:08:23]} 7. d4 {[%emt 0:05:16]} Bb7 {[%emt 0:00:39]} 8. Bd3 {[%emt 0:00:08]} Be7 {[%emt 0:03:28]} 9. O-O {[%emt 0:03:15]} O-O {[%emt 0:00:19]} 10. Qe2 {[%emt 0:04:45]} c5 {[%emt 0:01:24]} 11. Rad1 {[%emt 0:01:10]} Re8 {[%emt 0:11:56]} 12. cxd5 {[%emt 0:12:06]} exd5 {[%emt 0:02:06]} 13. Ba6 {[%emt 0:00:54]} Qc8 {[%emt 0:02:38]} 14. Bxb7 {[%emt 0:00:46]} Qxb7 {[%emt 0:00:06]} 15. Qd3 {[%emt 0:00:08]} Rad8 {[%emt 0:04:11]} 16. dxc5 {[%emt 0:00:37]} Nxc5 {[%emt 0:00:20]} 17. Qb1 {[%emt 0:04:21]} b5 {[%emt 0:04:40]} 18. Nd4 {[%emt 0:05:45]} b4 {[%emt 0:01:31]} 19. Nce2 {[%emt 0:00:11]} Nfe4 {[%emt 0:04:30]} 20. Nf5 {[%emt 0:14:06]} Bf8 {[%emt 0:01:14]} 21. f3 {[%emt 0:03:32]} Nd6 {[%emt 0:14:25]} 22. Nf4 {[%emt 0:00:57]} Nb5 {[%emt 0:05:25]} 23. Nh5 {[%emt 0:11:30]} Nc3 {[%emt 0:02:02]} 24. Bxc3 {[%emt 0:00:28]} bxc3 {[%emt 0:00:05]} 25. Qc2 {[%emt 0:00:27]} Nd7 {[%emt 0:02:56]} 26. Nf4 {[%emt 0:08:57]} g6 {[%emt 0:02:13]} 27. Ng3 {[%emt 0:00:23]} Nf6 {[%emt 0:01:17]} 28. Qxc3 {[%emt 0:04:35]} Qb6 {[%emt 0:00:11]} 29. Kh1 {[%emt 0:02:28]} Rxe3 {[%emt 0:00:25]} 30. Qc2 {[%emt 0:00:20]} Qd6 {[%emt 0:03:42]} 31. Nfe2 {[%emt 0:01:39]} Bh6 {[%emt 0:03:27]} 32. Nd4 {[%emt 0:03:47]} Bf4 {[%emt 0:00:38]} 33. Qf2 {[%emt 0:01:04]} Rde8 {[%emt 0:02:28]} 34. Nge2 {[%emt 0:01:50]} Bh6 {[%emt 0:00:25]} 35. Qh4 {[%emt 0:01:40]} Bg7 {[%emt 0:02:05]} 36. Ng3 {[%emt 0:03:08]} Qa6 {[%emt 0:02:50]} 37. Nc2 {[%emt 0:02:37]} R3e5 {[%emt 0:01:34]} 38. Nb4 {[%emt 0:00:26]} Qb7 {[%emt 0:01:24]} 39. Nd3 {[%emt 0:00:36]} Re3 {[%emt 0:00:24]} 40. Qa4 {[%emt 0:00:50]} h5 {[%emt 0:01:27]} 41. Rfe1 {[%emt 0:01:06]} Rxe1+ {[%emt 0:01:06]} 42. Nxe1 {[%emt 0:00:11]} Qb6 {[%emt 0:01:12]} 43. Nd3 {[%emt 0:00:46]} Qe3 {[%emt 0:01:32]} 44. h3 {[%emt 0:01:36]} Bh6 {[%emt 0:01:32]} 45. Qb4 {[%emt 0:01:16]} Qg5 {[%emt 0:00:47]} 46. Nf1 {[%emt 0:00:53]} Re2 {[%emt 0:00:34]} 47. Ne1 {[%emt 0:00:39]} Rxa2 {[%emt 0:00:51]} 48. Qd4 {[%emt 0:00:27]} h4 {[%emt 0:01:09]} 49. Ra1 {[%emt 0:00:14]} Rxa1 {[%emt 0:00:48]} 50. Qxa1 {[%emt 0:00:01]} Nh5 {[%emt 0:00:31]} 51. Qxa7 {[%emt 0:00:45]} Qc1 {[%emt 0:00:22]} 52. Qf2 {[%emt 0:00:30]} Ng3+ {[%emt 0:00:34]} 53. Kg1 {[%emt 0:00:22]} d4 {[%emt 0:00:35]} 54. f4 {[%emt 0:00:50]} Qd1 {[%emt 0:00:31]} 55. Nxg3 {[%emt 0:00:57]} hxg3 {[%emt 0:00:06]} 56. Qxg3 {[%emt 0:00:29]} d3 {[%emt 0:00:30]} 57. Kh2 {[%emt 0:00:31]} d2 {[%emt 0:00:27]} 58. Nd3 {[%emt 0:00:20]} Qxb3 {[%emt 0:00:49]} 59. Nf2 {[%emt 0:00:17]} d1=Q {[%emt 0:00:19]} 60. Nxd1 {[%emt 0:00:02]} Qxd1 {[%emt 0:00:06]} 61. f5 {[%emt 0:00:03]} Qd4 {[%emt 0:00:33]} 62. Qb8+ {[%emt 0:01:47]} Kg7 {[%emt 0:00:14]} 63. Qb5 {[%emt 0:05:40]} 0-1

[Event "Pan-AM College-chT 2018"]
[Site "Burlingame"]
[Date "2018.12.30"]
[Round "5"]
[White "Dragun, Kamil"]
[Black "Stefanov, Emil"]
[Result "1-0"]
[WhiteElo "2578"]
[BlackElo "2392"]
[Annotator "TA"]
[PlyCount "82"]
[EventDate "2018.12.28"]
[EventType "swiss"]
[EventCountry "USA"]
[SourceTitle "playchess.com"]
[Source "ChessBase"]
[SourceQuality "1"]

{[%evp 23,82,41,41,40,42,37,44,25,31,24,19,15,30,28,53,59,80,76,103,87,162,170,295,316,358,345,327,300,249,289,268,248,376,383,359,353,405,402,486,502,550,529,722,725,719,709,1013,917,865,841,1026,1027,947,912,1160,911,1061,1040,1199,1146,5081]} 1. e4 e5 2. Nf3 Nc6 3. Bc4 Nf6 4. d3 Be7 5. O-O O-O 6. Re1 d6 7. a4 Na5 8. Ba2 {C55: Two Knights: 4 d3, 4 d4 exd4 5 e5 and Max Lange Attack} c5 9. Bd2 (9. c3 Nc6 10. Na3 a6 11. Nc2 h6 12. Ne3 Re8 13. h3 Bf8 14. Nd5 Rb8 15. Be3 Be6 {½-½ (43) Van Foreest,J (2629)-Harikrishna,P (2744) Riadh 2017}) 9... Nc6 10. Na3 {[%cal Bb1a3,Ba3c2,Bc2e3,Be3d5][%mdl 32]} h6 11. c3 Re8 12. Nc2 Bf8 {LiveBook: 5 Games} 13. Ne3 Be6 14. Bxe6 Rxe6 15. c4 a5 {[#]} 16. Bc3 $146 g6 17. Nd5 Re8 18. Nd2 h5 19. f4 Bh6 20. Rf1 Nxd5 21. cxd5 Nb4 (21... Nd4 $16) 22. fxe5 $18 Nxd3 (22... dxe5 {might work better.} 23. Nc4 f6) 23. Qf3 $1 {[%csl LRd3,LRf7]} Nf4 24. Nc4 dxe5 25. Bxe5 Rxe5 26. Nxe5 Qf6 27. g3 Qxe5 (27... Ne2+ {keeps fighting.} 28. Qxe2 Qxe5) 28. gxf4 Qxb2 29. e5 Rd8 {intending ...Qd4+.} 30. d6 c4 31. Qe4 {White is clearly winning.} Qb6+ 32. Kh1 Qc6 33. Qxc6 bxc6 {[%mdl 4096] Endgame KRR-KRB} 34. Rac1 f6 35. Rxc4 Kf7 36. Rxc6 fxe5 37. fxe5+ Ke6 {[#]} 38. d7+ $1 Kxe5 (38... Kxd7 39. Rxg6) 39. Rf7 Bg5 40. Rxg6 Bd2 41. Rh7 Kd5 {Accuracy: White = 92%, Black = 41%.} 1-0

[Event "Pan-AM College-chT 2018"]
[Site "Burlingame"]
[Date "2018.12.30"]
[Round "5"]
[White "Theodorou, Nikolas"]
[Black "Cori, Jorge"]
[Result "0-1"]
[WhiteElo "2546"]
[BlackElo "2689"]
[Annotator "TA"]
[PlyCount "94"]
[EventDate "2018.12.28"]
[EventType "swiss"]
[EventCountry "USA"]
[SourceTitle "playchess.com"]
[Source "ChessBase"]
[SourceQuality "1"]

{[%evp 15,94,34,47,2,-7,0,24,-39,0,0,27,0,0,-17,0,0,18,-37,-44,-66,0,1,0,-91,-79,-70,-77,-84,-85,-83,-70,-67,-86,-85,-95,-65,-50,-202,-199,-202,-186,-196,-195,-186,-184,-191,-145,-137,-138,-143,-133,-134,-137,-229,-225,-214,-216,-317,-296,-298,-292,-274,-222,-345,-244,-236,-226,-492,-304,-458,-442,-429,-442,-454,-454,-585,-585,-560,-546,-1209,-1209]} 1. d4 d5 2. Nf3 Nf6 3. c4 c6 4. g3 g6 5. Bg2 Bg7 6. O-O O-O 7. Qb3 dxc4 8. Qxc4 a5 {LiveBook: 3 Games. D78: Fianchetto Grünfeld: 6 0-0 c6} (8... Bf5 9. Nc3 Nbd7 10. Qb3 Qb6 11. Re1 a5 12. e4 Qxb3 13. axb3 Be6 14. Bf4 h6 15. h3 g5 16. Bc7 Rfc8 17. Bxa5 b6 {½-½ (46) Svidler,P (2756)-Shankland,S (2722) Hoogeveen 2018}) 9. Nbd2 $146 ({Predecessor:} 9. Re1 Qd5 10. Nbd2 Ne4 11. Qa4 Nd6 12. e4 Qb5 13. Qc2 Na6 14. a3 Qh5 15. b3 c5 16. Bb2 cxd4 {1-0 (39) Stupak,K (2551)-Nilssen,J (2300) Kavala 2015}) 9... Be6 10. Qc2 Na6 {The position is equal.} 11. e4 (11. b3 $11) 11... Nb4 (11... Ne8 $15) 12. Qb1 $1 $11 a4 13. a3 Na6 {[%cal Bb4a6,Ba6c7,Bc7e6,Be6d4][%mdl 32]} 14. Re1 Qb6 15. Qc2 Rfd8 16. Ng5 (16. Bf1 $11) 16... Nc7 $15 ({Don't play} 16... Rxd4 $6 17. Nxe6 fxe6 18. Nf3 $14) 17. Nc4 Qb3 (17... Qb5 $15 18. Ne5 Rxd4) 18. Qxb3 $11 axb3 19. Nd2 (19. d5 $11 cxd5 20. Nxe6 fxe6 21. exd5) 19... Rxd4 $17 20. Nxe6 Nxe6 21. Nxb3 Rd3 22. Nd2 Nd4 {[#] White must now prevent ...Nc2.} 23. Rb1 $1 Ng4 24. h3 Ne5 $36 {[%mdl 2048] Keeping White busy.} 25. Kh1 Rd8 26. f4 $2 (26. Bf1 $15) 26... Ndf3 27. Nxf3 Nxf3 28. Rf1 Nd4 29. Kh2 Ne2 30. Rf3 Rxf3 31. Bxf3 Nxc1 32. Rxc1 $19 {[%mdl 4096] Endgame KRB-KRB} Rd2+ 33. Kh1 Bxb2 34. Rb1 (34. Rd1 $17 Rf2 35. Rd3) 34... c5 35. Rd1 Rf2 36. Rd8+ Kg7 37. Bd1 {[#] aiming for Kg1.} Bxa3 38. Ba4 h5 39. h4 (39. Rd3 $142 Bb4 40. Rd7) 39... Rb2 40. Rd3 Bb4 41. Rd7 $2 (41. Rb3 Ra2 42. Bb5) 41... Bc3 42. Rc7 (42. Rd3 {was forced.} Be1 43. Re3) 42... b5 {Black is clearly winning.} 43. Rxc5 bxa4 44. Rxc3 Rb3 45. Rc4 Rxg3 46. Rxa4 Rg4 47. e5 e6 {Precision: White = 44%, Black = 61%.} 0-1

[Event "Pan-AM College-chT 2018"]
[Site "Burlingame"]
[Date "2018.12.30"]
[Round "5"]
[White "Belous, Vladimir"]
[Black "Veech, John"]
[Result "1-0"]
[WhiteElo "2533"]
[BlackElo "2113"]
[Annotator "TA"]
[PlyCount "145"]
[EventDate "2018.12.28"]
[EventType "swiss"]
[EventCountry "USA"]
[SourceTitle "playchess.com"]
[Source "ChessBase"]
[SourceQuality "1"]

{[%evp 23,145,8,9,0,-1,-12,-14,-14,0,-6,-13,-14,-4,-7,-15,-40,36,43,52,46,132,153,212,212,232,213,210,225,220,228,231,222,260,220,276,271,253,251,239,247,400,352,394,229,236,236,287,241,237,237,239,239,243,225,325,208,206,160,172,57,52,52,49,49,49,49,49,3,3,3,3,3,3,3,4,8,15,15,38,9,45,4,3,4,4,0,0,0,0,0,0,0,0,0,0,0,0,0,0,0,25,22,572,568,538,512,5604,5331,29980,1059,580,0,29967,29952,29984,29985,29985,29986,29986,29987,29987,29987,29987,29988]} 1. Nf3 d5 2. g3 Nf6 3. Bg2 e6 4. c4 dxc4 5. Qa4+ Nbd7 6. Qxc4 c5 7. Qb3 Bd6 8. Nc3 {A13: English Opening: 1...e6} (8. O-O O-O 9. Nc3 a6 10. a4 Rb8 11. a5 Bc7 12. Qa3 c4 13. b3 cxb3 14. d4 b5 15. axb6 Rxb6 {½-½ (67) Hou,Y (2651)-Kramnik,V (2809) Medias 2016}) 8... O-O 9. d3 a6 10. a4 Rb8 11. Nd2 b6 12. Nc4 Bc7 {LiveBook: 6 Games} 13. O-O Ne5 14. Be3 Nfg4 15. Bf4 $146 ({Predecessor:} 15. Nxe5 Bxe5 {1-0 (31) Kessler,L (2455)-Wegerle,J (2442) Austria 2017}) 15... Nxc4 16. Qxc4 Ne5 17. Qa2 Bb7 18. Bxb7 Rxb7 19. a5 b5 (19... Nc6 $15) 20. Ne4 $14 Qe7 21. Rfc1 $36 {[%mdl 2048] Threatens to win with Bg5. White is pushing.} Nd7 (21... c4 $1 $14) 22. Bg5 $16 f6 (22... Qe8 $16 {was necessary.} 23. Be3 (23. Nxc5 Nxc5 24. Rxc5 Bd6 $16) 23... Qa8) 23. Be3 $18 {[%cal Re3c5]} Bd6 {[#]} 24. b4 $1 {[%cal Rb4c5][%mdl 512]} c4 (24... cxb4 25. Rc6) 25. Nxd6 ({Don't take} 25. dxc4 $6 Bxb4 26. c5 Ne5) 25... Qxd6 26. dxc4 bxc4 27. Rxc4 Rfb8 28. Rac1 Rxb4 29. Rc6 Qd5 30. Qxd5 exd5 31. Rxa6 Ne5 $2 (31... d4 {was called for.}) 32. Rc7 Rc4 33. Bb6 (33. Bc5 $142) 33... Nc6 34. Kg2 h5 35. h4 Re8 36. e3 Kh7 37. Bc5 $1 Rxc5 38. Rcxc6 {[%mdl 4096] Endgame KRR-KRR} Rc8 (38... Rc4 $142 39. Rd6 Kh6 40. Rxd5 Rc2) 39. Rd6 R8c7 40. Ra8 Kg6 41. Rb6 ({White should play} 41. Kf3 $18) 41... Rc2 $1 $14 42. Rd8 Rd2 43. Rb4 Rcc2 44. Rf4 Ra2 45. Ra8 Rd3 46. Kh3 Rda3 47. g4 Rxa5 48. gxh5+ Kxh5 49. Rd8 Kg6 50. Kg3 {And now Rg4+ would win.} Ra1 51. Rg4+ Kh7 52. Kf3 {Rd7 is the strong threat.} R1a4 53. Rg3 {Hoping for Rd7.} Ra7 54. h5 R4a5 55. Kg4 Ra8 56. Rxa8 Rxa8 $11 {KR-KR} 57. Kf5 Re8 58. f4 Kh6 59. Rg6+ Kh7 60. h6 gxh6 61. Rg3 Rd8 62. Kxf6 d4 $2 {[%mdl 8192] [#]} (62... h5 $11 {and Black has nothing to worry.}) 63. Ke7 $1 $18 {[%cal Re7d8]} Rd5 {[#]} 64. e4 $1 {[%cal Re4d5,Be3e4,Be4e5,Be5e6,Be6e7][%mdl 32]} Ra5 (64... Rc5 $142 65. Rd3 Kg6 66. Rxd4 h5 67. Rd6+ Kg7) 65. e5 Rd5 66. Ke6 (66. Kf6 $142 Rd8 67. e6 Rf8+ 68. Ke5 Rc8 69. e7 h5 70. f5 h4 71. Rh3) 66... Rd8 67. Ke7 (67. Rd3 $18) 67... Rd5 $1 {intending ...d3.} 68. Kf6 {White mates.} d3 69. e6 d2 70. e7 Rd6+ 71. Kf7 Rd7 72. Rg1 h5 73. f5 {Accuracy: White = 62%, Black = 52%.} 1-0

[Event "Pan-AM College-chT 2018"]
[Site "Burlingame"]
[Date "2018.12.30"]
[Round "5"]
[White "Matsenko, Sergei"]
[Black "Prohaszka, Peter"]
[Result "1/2-1/2"]
[WhiteElo "2524"]
[BlackElo "2613"]
[Annotator "TA"]
[PlyCount "26"]
[EventDate "2018.12.28"]
[EventType "swiss"]
[EventCountry "USA"]
[SourceTitle "playchess.com"]
[Source "ChessBase"]
[SourceQuality "1"]

{[%evp 19,22,33,45,36,28]} 1. d4 d5 2. c4 e6 3. Nc3 Nf6 4. Nf3 a6 5. cxd5 exd5 6. Bg5 {D37: Queen's Gambit Declined: 5 Bf4} Be6 7. e3 Nbd7 8. Bd3 Bd6 9. O-O O-O 10. Qc2 h6 {LiveBook: 14 Games} 11. Bf4 Qe7 {Predecessor:} 12. Bxd6 $146 Qxd6 13. a3 Bg4 {0-1 (62) Riazantsev,A (2671)-Carlsen,M (2840) Doha 2016} 1/2-1/2

[Event "Pan-AM College-chT 2018"]
[Site "Burlingame"]
[Date "2018.12.30"]
[Round "5"]
[White "Shtembuliak, Evgeny"]
[Black "Cordova, Emilio"]
[Result "0-1"]
[WhiteElo "2501"]
[BlackElo "2595"]
[Annotator "TA"]
[PlyCount "130"]
[EventDate "2018.12.28"]
[EventType "swiss"]
[EventCountry "USA"]
[SourceTitle "playchess.com"]
[Source "ChessBase"]
[SourceQuality "1"]

{[%evp 29,130,5,5,2,16,20,35,-24,0,0,0,0,9,-7,0,-27,0,-79,-73,-76,-58,-41,-33,-37,-42,-27,-36,-22,0,0,0,0,0,-3,-5,-52,-49,-49,-35,-179,-166,-172,-167,-181,-156,-221,-208,-193,-208,-197,-196,-207,-210,-211,-196,-199,-203,-252,-251,-449,-250,-250,-247,-260,-253,-250,-251,-314,-314,-334,-334,-391,-391,-618,-512,-474,-466,-636,-615,-758,-762,-878,-780,-1119,-1114,-1081,-1093,-1083,-999,-1291,-1212,-1284,-1283,-1304,-1149,-1310,-1143,-10121,-9443,-6647,-6619,-5604,-3912]} 1. d4 Nf6 2. c4 e6 3. Nc3 Bb4 4. e3 b6 5. Bd3 Bb7 6. Nf3 O-O 7. O-O c5 8. Na4 cxd4 9. exd4 Re8 10. a3 Bf8 11. b4 {E43: Nimzo-Indian: Rubinstein: 4...b6} (11. Bf4 Bxf3 12. Qxf3 Nc6 13. Be5 Rc8 14. Rfd1 d6 15. Bxf6 Qxf6 16. Qxf6 gxf6 17. Bf1 f5 18. Rab1 Bg7 {½-½ (30) Sadler,M (2685)-Howell,D (2676) London 2017}) 11... d6 12. Bb2 Nbd7 13. Re1 Rc8 14. Nc3 a6 15. Bf1 g6 {LiveBook: 3 Games} 16. Nd2 Bg7 17. Nb3 h5 $146 ({Predecessor:} 17... Qc7 18. Rc1 Ba8 {½-½ (50) Gromark,P (2304)-Rook,D (2443) ICCF email 2011}) 18. a4 (18. h3 $14) 18... Ng4 19. h3 Nh6 $1 (19... Nxf2 $2 20. Kxf2 d5 21. cxd5 $18) 20. a5 Nf5 21. Qd2 Qh4 {[%cal Rf5d4]} 22. Rad1 Ba8 23. axb6 (23. b5 $11 {keeps the balance.}) 23... Nxb6 $17 24. c5 Nd5 25. g3 $1 {[%cal Rg3h4]} ({Of course not} 25. Bxa6 Bh6 $17) 25... Qd8 26. Nxd5 $1 Bxd5 27. Na5 Rb8 28. Bc3 Qf6 {aiming for ...Nh4!} 29. Bg2 dxc5 30. bxc5 Ne7 {[%cal Bf5e7,Be7d5,Bd5c3][%mdl 32]} 31. h4 Rec8 32. Qd3 Bxg2 33. Kxg2 Nd5 34. Re4 (34. Ba1 $15) 34... Nxc3 $19 35. Qxc3 Qd8 $1 36. Kh2 Rb5 37. Nc4 {[#]} (37. Nb3 $17 {was called for.}) 37... Rbxc5 $1 {[%mdl 512]} 38. dxc5 Qxd1 ({Less strong is} 38... Bxc3 39. Rxd8+ Rxd8 40. Nb6 $11) 39. Qe3 Qc2 40. Nd6 Rxc5 41. Qf3 {Black must now prevent Re2.} Rc7 42. Rb4 {[#] intending Rb8+.} f5 $1 43. Rb8+ Kh7 44. Re8 $2 (44. Qe3 {keeps fighting.} Be5 45. Rd8 (45. Qxe5 {is a self mate.} Qxf2+ 46. Kh3 Qf1+ 47. Kh2 Rc2+ 48. Qe2 Rxe2#)) 44... Qc6 (44... e5 $142 45. Rd8 e4) 45. Qxc6 Rxc6 {[%mdl 4096] Endgame KRB-KRN} 46. Nf7 Bf6 47. Ra8 Kg7 48. Ra7 {[#]} Kf8 $1 49. f4 Bd4 50. Rb7 a5 51. Ng5 (51. Rd7 $142) 51... Ke8 {Black is clearly winning.} 52. Nf3 Bc3 53. Ra7 Kd8 54. Kg2 Kc8 55. Ne5 Bxe5 56. fxe5 {KR-KR} Rc5 57. Kf3 Rxe5 58. Kf4 Kb8 {( -> ...Re4+)} 59. Re7 Re4+ 60. Kg5 Rg4+ 61. Kf6 Rxg3 62. Rxe6 Kb7 63. Rd6 a4 {[%cal Ba5a4,Ba4a3][%mdl 32]} 64. Rd4 a3 65. Ra4 Kb6 {Accuracy: White = 48%, Black = 75%.} 0-1

[Event "Pan-AM College-chT 2018"]
[Site "Burlingame"]
[Date "2018.12.30"]
[Round "5"]
[White "Wheeler, Cameron"]
[Black "Gabuzyan, Hovhannes"]
[Result "0-1"]
[WhiteElo "2420"]
[BlackElo "2611"]
[Annotator "TA"]
[PlyCount "134"]
[EventDate "2018.12.28"]
[EventType "swiss"]
[EventCountry "USA"]
[SourceTitle "playchess.com"]
[Source "ChessBase"]
[SourceQuality "1"]

{[%evp 22,134,-30,-67,-51,-34,-44,-41,-17,-27,-28,-72,-64,-72,-64,-107,-102,-138,-138,-168,-126,-132,-127,-147,-106,-125,-104,-94,-91,-94,-94,-92,-92,-107,-104,-91,-89,-142,-103,-106,-92,-123,-123,-122,-122,-122,-113,-228,-108,-109,-90,-100,-84,-85,-80,-81,-61,-74,-45,-95,-83,-126,-127,-126,-104,-123,-114,-114,-115,-108,-113,-113,-111,-145,-113,-128,-128,-122,-80,-74,-74,-74,-77,-90,-83,-83,-80,-68,-53,-53,-10,-10,-10,-10,-10,-10,-10,-10,-10,-5756,-5716,-5634,-5635,-5552,-5525,-4627,-4562,-2492,-989,-989,-981,-981,-670,-429,-410]} 1. c4 c5 2. g3 g6 3. Nc3 Bg7 4. Bg2 Nc6 5. Nf3 e6 6. O-O Nge7 7. d3 O-O 8. Bd2 b6 9. a3 d5 {A37: Symmetrical English vs ...g6: 4 Bg2 Bg7 5 Nf3} 10. cxd5 (10. Rb1 d4 11. Na4 a5 12. b4 axb4 13. axb4 cxb4 14. Bxb4 Nxb4 15. Rxb4 Nc6 16. Rxb6 Rxa4 17. Rxc6 {½-½ (36) Agdestein,S (2602)-Volokitin,A (2649) Doha 2016}) 10... exd5 11. Rb1 d4 12. Na4 {LiveBook: 5 Games} Ba6 13. b4 cxb4 14. axb4 {Threatens to win with b5.} Bb5 15. Qb3 Qd5 16. Qa3 Qd7 17. Rfc1 $146 Rfe8 18. Qa2 Rad8 19. Bg5 h6 20. Bxe7 Nxe7 21. Nb2 Nd5 {...Nc3 is the strong threat.} 22. Nd1 Ba4 23. Nh4 Bxd1 24. Bxd5 Qxd5 25. Qxd5 Rxd5 26. Rxd1 Rxe2 27. Nf3 Bf8 28. Rdc1 Ra2 29. Rc4 (29. Ra1 $142 Rxa1 30. Rxa1) 29... Ra4 30. b5 Ra2 31. Nxd4 Bc5 32. Nc2 Rxd3 33. Nb4 Bxb4 $1 34. Rbxb4 $17 {[%mdl 4096] Endgame [#] KRR-KRR} (34. Rcxb4 $17 Rdd2 35. Rf4) 34... g5 (34... Rf3 $1 $19 35. Rf4 Raxf2 36. Rxf3 Rxf3) 35. Ra4 Rad2 36. Kg2 Rd5 {White must now prevent ...Rf5.} (36... Re2 {is more complex.} 37. Rd4 Rxd4 38. Rxd4 Rb2 39. Ra4 Rxb5 40. Rxa7 Kg7) 37. Rc3 Rf5 38. Rf3 Rxf3 ({Of course not} 38... Rxb5 $6 39. Rxa7 Rbb2 40. Rfxf7 $14) 39. Kxf3 {KR-KR} Rd7 40. Rc4 Kg7 41. Rc6 h5 42. h3 Re7 43. Rd6 Re5 44. Rd7 Rxb5 {Hoping for ...a5.} 45. Rxa7 Rb3+ 46. Ke4 Kg6 47. Rc7 f6 48. Rc6 Rb4+ 49. Ke3 Kf5 50. g4+ hxg4 51. hxg4+ Ke5 52. f3 Rb5 53. Kf2 Rb3 54. Ke2 b5 55. Rc5+ $1 Kd4 56. Rf5 $1 Rb2+ 57. Kd1 $1 Kd3 {[%cal Rb2b1]} 58. Kc1 $1 {[%cal Rc1b2]} Rc2+ 59. Kb1 Rc6 60. Rxb5 $2 {[%mdl 8192] [#]} (60. f4 $11) 60... Rc4 $1 $19 {[%cal Rc4f4] Black is clearly winning.} 61. Rb6 Rf4 62. Re6 Rxf3 63. Kc1 Rf1+ 64. Kb2 Kd4 (64... Rf2+ $142 65. Ka3 Rf4) 65. Kc2 Kd5 66. Ra6 Rf4 67. Kd3 Ke5 {Accuracy: White = 52%, Black = 60%.} 0-1

[Event "Pan-AM College-chT 2018"]
[Site "Burlingame"]
[Date "2018.12.30"]
[Round "6"]
[White "Cori, Jorge"]
[Black "Shtembuliak, Evgeny"]
[Result "1-0"]
[WhiteElo "2689"]
[BlackElo "2501"]
[Annotator "TA"]
[PlyCount "85"]
[EventDate "2018.12.28"]
[EventType "swiss"]
[EventCountry "USA"]
[SourceTitle "playchess.com"]
[Source "ChessBase"]
[SourceQuality "1"]

{[%evp 20,85,1,2,22,29,11,-10,-18,-8,54,36,13,-59,-37,-59,-47,-52,-72,-111,-107,-131,-35,-32,0,-10,-8,-5,25,23,32,27,30,38,45,37,41,21,17,17,20,13,966,974,974,938,974,971,974,966,960,937,932,910,29975,29975,29975,29975,29974,29975,29988,29989,29989,29990,29994,29995,29995,29996]} 1. d4 Nf6 2. c4 e6 3. g3 d5 4. Bg2 Bb4+ 5. Nd2 O-O 6. Ngf3 dxc4 7. Qc2 a5 {E04: Open Catalan: 5 Nf3} 8. a3 Bxd2+ 9. Bxd2 b5 10. a4 c6 11. e4 {LiveBook: 6 Games} h6 (11... e5 12. dxe5 Nfd7 13. Be3 Na6 14. O-O Ndc5 15. Rfd1 {½-½ (23) Tomashevsky,E (2702)-Ding,L (2774) Palma de Mallorca 2017}) 12. g4 e5 $146 ({Predecessor:} 12... Nbd7 13. g5 hxg5 14. e5 Nh7 15. h4 {1-0 (23) Svane,R (2595)-Gavrilescu,D (2437) Caleta 2018}) 13. dxe5 Nfd7 14. O-O Qe7 (14... Nc5 $11) 15. axb5 cxb5 16. Bxa5 (16. g5 $11) 16... Nc6 $15 17. Bd8 Rxd8 18. Rxa8 Nb6 19. Ra3 Bxg4 20. Rd1 {[#]} Rc8 ({Better is} 20... Rxd1+ $1 $17 21. Qxd1 Nxe5) 21. h3 Bxf3 (21... b4 $5 {[%cal Rb4a3]} 22. Ra6 Bxf3 23. Bxf3 Nxe5 $11) 22. Rxf3 Nxe5 23. Rg3 Nd3 24. Bf1 Nc5 25. Qc3 $36 {[%csl Gg3][%cal Rc3g7][%mdl 2048] White has good play.} Ne6 26. Qe3 Qc7 27. e5 Qc5 28. Qe4 Na4 29. Rd5 Qb4 30. Bd3 Nac5 $2 {[%mdl 8192]} (30... Kf8 $11) 31. Qh7+ $18 Kf8 32. Qh8+ Ke7 33. Qxc8 cxd3 34. Rg4 Qe1+ 35. Kg2 d2 36. Qc6 h5 37. Qd6+ {White mates.} Ke8 38. Rxc5 Nxc5 39. Qc6+ Kf8 40. Qc8+ Ke7 41. Qxc5+ {[%mdl 64] [#] Double Attack} Ke6 42. Qd6+ Kf5 43. Qd7+ {[%mdl 64] Double Attack. Accuracy: White = 73%, Black = 42%.} 1-0